|
|
|
|
| LEADER |
00000cam a2200000 i 4500 |
| 001 |
1/38586 |
| 008 |
970827s1971 gr | ||| |||| ||gre|| |
| 035 |
|
|
|a 1997
|c ΔΩΡΕΑ
|l 10040803
|
| 040 |
|
|
|a GR-MyUA
|b gre
|e AACR2
|
| 041 |
0 |
|
|a gre
|
| 082 |
0 |
|
|a 519.233
|
| 100 |
1 |
|
|a Κάκουλλος, Θεόφιλος Ν.
|
| 245 |
1 |
0 |
|a Στοιχεία στοχαστικών ανελίξεων /
|c Θεόφιλου Ν. Κάκουλλου.
|
| 260 |
|
|
|a Αθήνα :
|b [χ.ό.],
|c 1971.
|
| 300 |
|
|
|a 134 σ. ;
|c 25 εκ.
|
| 650 |
0 |
0 |
|a Stochastic processes.
|
| 650 |
0 |
0 |
|a Queuing theory.
|
| 650 |
0 |
0 |
|a Markov processes.
|
| 852 |
|
|
|a INST
|b SAMOS
|e 19970827
|h 519.233 ΚΑΚ
|p 005300009050
|q 005300009050
|t BK
|y 0
|
| 901 |
|
|
|a BIBL-1997-2
|
| 909 |
|
|
|a Σ
|b 036274
|